Tiếng Anh dành cho học sinh và sinh viên kỹ thuật = English for technical student /

Tiếng Anh dành cho học sinh và sinh viên kỹ thuật nhằm giúp cho sinh viên kỹ thuật đạt được trình độ tiếng Anh cần thiết, bao gồm đọc hiểu, căn bản ngữ pháp tiếng Anh kỹ thuật....

Bewaard in:
Bibliografische gegevens
Hoofdauteur: Nguyễn Thị Tuyết.
Formaat: Boek
Taal:English
Gepubliceerd in: Hà Nội : Giáo dục, 2000.
Onderwerpen:
Tags: Voeg label toe
Geen labels, Wees de eerste die dit record labelt!
Thư viện lưu trữ: Mạng thư viện Đại học Đà Nẵng
LEADER 01196cam a2200361 i 4500
001 000047091
003 6624
005 20031231181303.0
008 010302b2000 vm 000 eng
020 |c 54000 
022 |a T 
040 |a IRC  |c IRC  |d IRC 
041 0 |a eng 
082 1 4 |a 428  |b NG-T 
100 1 |a Nguyễn Thị Tuyết. 
245 0 0 |a Tiếng Anh dành cho học sinh và sinh viên kỹ thuật =  |b English for technical student /  |c Nguyễn Thị Tuyết. 
246 0 1 |a English for technical student. 
260 |a Hà Nội :  |b Giáo dục,  |c 2000. 
300 |a 759tr. ;  |c 20,5cm. 
520 3 |a Tiếng Anh dành cho học sinh và sinh viên kỹ thuật nhằm giúp cho sinh viên kỹ thuật đạt được trình độ tiếng Anh cần thiết, bao gồm đọc hiểu, căn bản ngữ pháp tiếng Anh kỹ thuật.... 
630 0 4 |a Anh ngữ. 
650 0 4 |a Anh ngữ. 
650 0 4 |a English language  |x Study and teaching. 
OWN |a DUT 
999 |a From the UDN01 
TYP |a Monograph 
TYP |a Printed language 
980 |a Mạng thư viện Đại học Đà Nẵng